UM Logo
Normal view MARC view
  • Naguit, Flordeliza B.

Entry Personal Name

Number of records used in: 1

001 - CONTROL NUMBER

  • control field: 46140

003 - CONTROL NUMBER IDENTIFIER

  • control field: OSt

005 - DATE AND TIME OF LATEST TRANSACTION

  • control field: 20220927175914.0

008 - FIXED-LENGTH DATA ELEMENTS

  • fixed length control field: 220927|| aca||aabn | a|a d

040 ## - CATALOGING SOURCE

  • Original cataloging agency: OSt
  • Transcribing agency: OSt

100 ## - HEADING--PERSONAL NAME

  • Personal name: Naguit, Flordeliza B.

670 ## - SOURCE DATA FOUND

  • Source citation: Work cat.: (OSt): Naguit, Flordeliza B., Food and beverage services NC II : , ©2018.